00697nam a2200205Ia 4500003000900000008004100009020001800050040001600068080001500084100002800099245012300127260004000250300001600290650002000306650001900326650002600345942000700371999001500378952009800393IN-BaIIA211028s9999 xx 000 0 eng d a0-87027-168-7 cIIA Library a92:52bWIL aWillard, Berton C99821 0aRussell W Porter : artic explorer, artist ,telescope makercBerton C Willard  aU.S.A.bThe Bond Wheel Wrightc1976 axiii, 274p. aBiography91224 aNASA Thesaurus aRussel W Porter99822 cBK c5658d5658 00104070aBANbBANcGENd1977-12-06l0o92:52/ WILp6330r2021-11-05w1977-12-06yBK 12.50